| 000 | 00668nam a22001817a 4500 | ||
|---|---|---|---|
| 003 | BD-DhUL | ||
| 005 | 20160829162258.0 | ||
| 008 | 160829s1940 a|||| |||| 000 0 d | ||
| 040 |
_cBD-DhUL _dBD-DhUL |
||
| 082 |
_a915.4 _bNIP |
||
| 100 | 1 | 0 | _aবসু, নির্মলকুমার |
| 245 |
_aপরিব্রাজকের ডায়েরী / _cনির্মলকুমার বসু |
||
| 260 |
_aকলিকাতা : _bনরেন্দ্রনাথ চট্টোপাধ্যায়, _c১৯৪০ |
||
| 300 |
_a১৫৯ পৃ. ; _c২০ সেমি. । |
||
| 650 | _aভারত | ||
| 650 | _aIndia | ||
| 942 |
_2ddc _cBK |
||
| 999 |
_c102454 _d102454 |
||